| 000 | 00733cab a2200229 4500 | ||
|---|---|---|---|
| 001 | ABS48356 | ||
| 008 | 090401t1993 xxu||||| |||| 00| 0 eng d | ||
| 035 | _a(Sirsi) u66336 | ||
| 041 | _aeng | ||
| 245 | _aQuestion of confidence | ||
| 260 | _c1993 | ||
| 350 | _a0 | ||
| 490 |
_aNew Builder _v(170) 16 April 1993, 24-25(2) |
||
| 520 | _aReviews the construction market. Graphs show market indicators, historic and projected tender and cost indices and the value of new orders by region with a listing of published economic data. | ||
| 650 | _aCONSTRUCTION MARKET | ||
| 650 | _aCOST INDICES | ||
| 650 | _aSTATISTICS | ||
| 650 | _aTENDER PRICE INDICES | ||
| 690 | _aBUILT ENVIRONMENT | ||
| 942 | _n0 | ||
| 948 | _c04/03/1997 | ||
| 999 |
_c41468 _d41468 |
||